Nazwij sojusz - Statystyki

Ogólne statystyki
  • Ten quiz został rozwiązany 14 razy
  • Średni wynik to 11 z 20
Statystyki odpowiedzi
Opis Odpowiedź % Poprawnych
Sojusz militarny między USA, Kanadą a europejskimi sojusznikami NATO
100%
Niemcy, Włochy i Japonia podczas II wojny światowej Państwa {Osi}
100%
Komunistyczna wersja powyższego sojuszu Układ {Warszawski}
100%
Grupa narodów, która posiada niebieską flagę z 12 złotymi gwiazdkami Unia {Europejska}
93%
Grupa dziewięciu bohaterów z mitologii Śródziemia Drużyna {Pierścienia}
79%
Grupa 55 państw z siedzibą w Addis Abebie Unia {Afrykańska}
79%
Grupa siedmiu najpotężniejszych gospodarek (przed wyrzuceniem Rosji było ich osiem) G7
71%
Organizacja w ,,Harrym Poterze" założona w celu walki z Voldemortem Zakon {Feniksa}
71%
Marvelowa drużyna superbohaterów składająca się z Iron Mana, Hulka i jego towarzyszy Avengers
57%
Zespół superbohaterów z komiksów DC Liga {Sprawiedliwości}
57%
Kartel krajów eksportujących ropę OPEC
57%
Niemcy i ich sojusznicy w I wojnie światowej Państwa {Centralne}
57%
Zjednoczyła Danię, Szwecję i Norwegię pod jednym monarchą Unia {Kalmarska}
43%
Początkowo składała się z Brazylii, Rosji, Indii i Chin, a od tego czasu dodano kilku nowych członków BRICS
36%
Konfederacja handlowa miast wzdłuż Morza Bałtyckiego i Północnego w średniowieczu Liga {Hanzeatycka}
29%
W "Gwiezdnych Wojnach" opierają się Imperium Galaktycznemu Sojusz {Rebeliantów}
21%
Sojusz Star Treka z Ziemią, Wolkanem i innymi Zjednoczona {Federacja} Planet
21%
Sojusz między Francją a Wielką Brytanią podpisany w 1904 roku Entente Cordiale
14%
Grupa wywiadowcza składająca się z USA, Wielkiej Brytanii, Kanady, Australii,
oraz Nowej Zelandii
Sojusz {Pięciorga Oczu}
7%
Sojusz greckich miast-państw pod hegemonią Aten Związek {Delijski}
7%
Nie znaleziono quizów pasujących do podanych kryteriów
Rozkład punktacji
Procent ludzi z każdym wynikiem
Percentyl według liczby udzielonych odpowiedzi
Twoja historia wyników
Nie rozwiązałeś tego quizu